Millionenstädte - Sudden Death - Statistiken

Allgemein
  • Dieses Quiz wurde 202 mal gespielt
  • Das Durchschnittsergebnis liegt bei 5 aus 12
Answers on the Grid
Answers color-coded by a green-red scale on the quiz's grid according to % correct below.
Köln
Hamburg
München
Frankfurt Main
Düsseldorf
Frankfurt Oder
Lagos
Abu Dhabi
Dublin
Straßburg
Vilnius
Oslo
Warschau
Montreal
Quebec City
Marrakesch
Tiflis
Las Vegas
San Diego
Atlanta
Dallas
Montevideo
Yucheng
Mahabalipuram
 
Antwortstatistiken
Antwort % Korrekt
Hamburg
74%
München
71%
Köln
65%
Warschau
47%
Lagos
41%
Dallas
38%
Montreal
32%
Marrakesch
26%
San Diego
26%
Montevideo
25%
Abu Dhabi
24%
Tiflis
7%
Keine übereinstimmenden Quizze gefunden
Verteilung der Resultate
Anzahl Personen mit jedem Resultat
Perzentil nach korrekt beantworteten Fragen
Ihre Resultats-Entwicklung
Sie haben dieses Quiz noch nicht gespielt